La Liga 15 or More Clean Sheets GK by Season in 21C - Statistics

General Stats
  • This quiz has been taken 29 times
  • The average score is 37 of 49
Answer Stats
Season Player Country Club Clean Sheets % Correct
Iker Casillas Spain Real Madrid 16
100%
Iker Casillas Spain Real Madrid 15
100%
Iker Casillas Spain Real Madrid 15
100%
15/16 Jan Oblak Slovenia Atlético 24
100%
16/17 Jan Oblak Slovenia Atlético 15
100%
17/18 Jan Oblak Slovenia Atlético 22
100%
18/19 Jan Oblak Slovenia Atlético 20
100%
Jan Oblak Slovenia Atlético 17
100%
20/21 Jan Oblak Slovenia Atlético 18
100%
Keylor Navas Costa Rica Levante UD 17
100%
Marc-André ter Stegen Germany FC Barcelona 19
100%
Marc-André ter Stegen Germany FC Barcelona 16
100%
22/23 Marc-André ter Stegen Germany FC Barcelona 26
100%
Marc-André ter Stegen Germany FC Barcelona 15
100%
Thibaut Courtois Belgium Atlético 16
100%
12/13 Thibaut Courtois Belgium Atlético 20
100%
13/14 Thibaut Courtois Belgium Atlético 20
100%
19/20 Thibaut Courtois Belgium Real Madrid 18
100%
Thibaut Courtois Belgium Real Madrid 17
100%
Thibaut Courtois Belgium Real Madrid 16
100%
04/05 Víctor Valdés Spain FC Barcelona 19
95%
05/06 Víctor Valdés Spain FC Barcelona 16
95%
Víctor Valdés Spain FC Barcelona 15
95%
Víctor Valdés Spain FC Barcelona 15
95%
09/10 Víctor Valdés Spain FC Barcelona 20
95%
10/11 Víctor Valdés Spain FC Barcelona 17
95%
11/12 Víctor Valdés Spain FC Barcelona 17
95%
14/15 Claudio Bravo Chile FC Barcelona 23
86%
Claudio Bravo Chile FC Barcelona 16
86%
Bono Morocco Sevilla FC 15
77%
23/24 Unai Simón Spain Athletic Bilbao 18
77%
Diego López Spain Real Madrid 16
73%
21/22 Álex Remiro Spain Real Sociedad 19
59%
Álex Remiro Spain Real Sociedad 15
59%
Álex Remiro Spain Real Sociedad 16
59%
Alphonse Areola France Villarreal CF 15
59%
03/04 Santiago Cañizares Spain Valencia CF 20
50%
Santiago Cañizares Spain Valencia CF 16
50%
Sergio Asenjo Spain Villarreal CF 15
50%
Andrés Palop Spain Sevilla FC 16
45%
08/09 Andrés Palop Spain Sevilla FC 16
45%
David Soria Spain Getafe CF 15
45%
Roberto Abbondanzieri Argentina Getafe CF 15
36%
Leo Franco Argentina Atlético 15
27%
06/07 Dudu Aouate Israel Deportivo 16
23%
José Francisco Molina Spain Deportivo 15
14%
02/03 Pablo Cavallero Argentina Celta de Vigo 17
14%
01/02 Toni Prats Spain Real Betis 17
14%
07/08 Toño Spain Racing 17
14%
No matching quizzes found
Score Distribution
Percent of People with Each Score
Percentile by Number Answered
Your Score History
You have not taken this quiz